Länder mit den wenigsten Einwohnern - Statistiken

Allgemein
  • Dieses Quiz wurde 195 mal gespielt
  • Das Durchschnittsergebnis liegt bei 18 aus 25
Antwortstatistiken
Hint Antwort % Korrekt
815 Vatikanstadt
99%
38.967 Monaco
92%
38.020 Liechtenstein
91%
77.146 Andorra
89%
33.864 San Marino
89%
11.655 Tuvalu
74%
18.001 Palau
73%
10.764 Nauru
72%
182.795 St. Lucia
72%
104.497 Tonga
71%
52.834 St. Kitts und Nevis
70%
299.882 Vanuatu
70%
58.791 Marshallinseln
69%
113.811 Mikronesien
69%
110.593 St. Vincent und die Grenadinen
69%
197.093 Samoa
68%
287.021 Barbados
66%
112.002 Grenada
66%
97.115 Antigua und Barbuda
64%
71.808 Dominica
64%
97.741 Seychellen
64%
117.608 Kiribati
61%
215.048 São Tomé und Príncipe
58%
389.486 Bahamas
56%
339.037 Island
45%
Keine übereinstimmenden Quizze gefunden
Verteilung der Resultate
Anzahl Personen mit jedem Resultat
Perzentil nach korrekt beantworteten Fragen
Ihre Resultats-Entwicklung
Sie haben dieses Quiz noch nicht gespielt